Unfinished (A memoir) (Record no. 12576)

MARC details
000 -LEADER
fixed length control field 00274nam a22000977a 4500
008 - FIXED-LENGTH DATA ELEMENTS--GENERAL INFORMATION
fixed length control field 240425b |||||||| |||| 00| 0 eng d
020 ## - INTERNATIONAL STANDARD BOOK NUMBER
International Standard Book Number 9780670094974
100 ## - MAIN ENTRY--PERSONAL NAME
Personal name Jonas Chopra Priyanka
9 (RLIN) 7771
245 ## - TITLE STATEMENT
Title Unfinished (A memoir)
260 ## - PUBLICATION, DISTRIBUTION, ETC. (IMPRINT)
Place of publication, distribution, etc. New Delhi
Name of publisher, distributor, etc. Penguin Random house
Date of publication, distribution, etc. 2021
Holdings
Withdrawn status Lost status Source of classification or shelving scheme Damaged status Koha normalized classification for sorting Not for loan Home library Current library Shelving location Date acquired Total Checkouts Full call number Barcode Date last seen Date last checked out Price effective from Koha item type
    Dewey Decimal Classification   JON_920_000000000000000   Good Samaritan School Library Good Samaritan School Library Biography 04/25/2024 1 JON920 JON17833 03/22/2025 04/25/2024 04/25/2024 BOOK

Powered by Koha